000 00326nam a22001457a 4500
008 221122b ||||| |||| 00| 0 eng d
020 _a2400033028060
041 _aeng
080 _2NINTH EDITION
_a615
082 _a615DIP
100 _a13
101 _aFARMA
245 _aPHARMACOTHERAPY
_cDIPIRO T.J
942 _2udc
_cBK
999 _c58997
_d58997